Born in Christchurch - Statistics

General Stats
  • This quiz has been taken 9 times
    5 since last reset
  • The average score is 6 of 8
Answer Stats
Hint Answer % Correct
Prime Minister of New Zealand since 2023 1970 Christopher Luxon
100%
Para-swimmer and New Zealand's most succesful Paralympian 1993 Sophie Pascoe
100%
Rugby coach who coached the All Blacks from 2004 to 2011 1946 Graham Henry
75%
Classical crossover singer, her album "Pure" was one of the fastest selling albums in New Zealand's history 1987 Hayley Westenra
75%
Footballer who plays for Glasgow City and the New Zealand women's national team 1996 Meikayla Moore
50%
Rower, Olympic and Wolrd champion in double sculls 1986 Nathan Cohen
50%
Judge and leader of the Commission of Inquiry into the 1979 crash of an Air New Zealand plane into Mount Erebus 1923 Peter Mahon
50%
Footballer who plays for Rangers and the New Zealand women's national team 1991 Victoria Esson
50%
No matching quizzes found
Score Distribution
Percent of People with Each Score
Percentile by Number Answered
Your Score History
You have not taken this quiz since the last reset